All Governors of Kentucky - Statistics

General Stats
  • This quiz has been taken 13 times
  • The average score is 22 of 63
Answer Stats
Years Served Party Answer % Correct
2019 - Present Democrat Andy Beshear
100%
2015 - 2019 Republican Matt Bevin
100%
2007 - 2015 Democrat Steve Beshear
100%
1983 - 1987 Democrat Martha Layne Collins
88%
1935 - 1939 Democrat Happy Chandler
75%
1955 - 1959 Democrat Happy Chandler
75%
1792 - 1796 Democratic Republican Isaac Shelby
75%
1812 - 1816 Democratic Republican Isaac Shelby
75%
2003 - 2007 Republican Ernie Fletcher
63%
1967- 1971 Republican Louie Nunn
63%
1995 - 2003 Democrat Paul E. Patton
63%
1971 - 1974 Democrat Wendell Ford
63%
1808 - 1812 Democratic Republican Charles Scott
50%
1891 - 1895 Democrat John Y. Brown
50%
1979 - 1983 Democrat John Y. Brown Jr.
50%
1804 - 1808 Democratic Republican Christopher Greenup
38%
1816 Democratic Republican George Madison
38%
1848 - 1850 Whig John J. Crittenden
38%
1974 - 1979 Democrat Julian Carroll
38%
1871 - 1875 Democrat Preston Leslie
38%
1900 Democrat William Goebel
38%
1899 - 1900 Republican William S. Taylor
38%
1907 - 1911 Republican Augustus E. Willson
25%
1859 - 1862 Democrat Beriah Magoffin
25%
1991 - 1995 Democrat Brereton C. Jones
25%
1855 - 1859 American Charles S. Morehead
25%
1927 - 1931 Republican Flem D. Sampson
25%
1816 - 1820 Democratic Republican Gabriel Slaughter
25%
1875 - 1879 Democrat James B. McCreary
25%
1911 - 1915 Democrat James B. McCreary
25%
1919 Democrat James D. Black
25%
1796 - 1804 Democratic Republican James Garrard
25%
1834 - 1836 National Republican James Turner Morehead
25%
1900 - 1907 Democrat J. C. W. Beckham
25%
1820 - 1824 Democratic Republican John Adair
25%
1832 - 1834 Democrat John Breathitt
25%
1850 - 1851 Whig John L. Helm
25%
1867 Democrat John L. Helm
25%
1867 - 1871 Democrat John W. Stevenson
25%
1824 - 1828 Democratic Republican Joseph Desha
25%
1883 - 1887 Democrat J. Proctor Knott
25%
1939 - 1943 Democrat Keen Johnson
25%
1879 - 1883 Democrat Luke P. Blackburn
25%
1963 - 1967 Democrat Ned Breathitt
25%
1840 - 1844 Whig Robert P. Letcher
25%
1828 - 1832 National Republican Thomas Metcalfe
25%
1987 - 1991 Democrat Wallace Wilkinson
25%
1923 - 1927 Democrat William J. Fields
25%
1895 - 1899 Republican William O'Connell Bradley
25%
1844 - 1848 Whig William Owsley
25%
1915 - 1919 Democrat Augustus Owsley Stanley
13%
1959 - 1963 Democrat Bert Combs
13%
1839 - 1840 Whig Charles A. Wickliffe
13%
1947 - 1950 Democrat Earle Clements
13%
1919 - 1923 Republican Edwin P. Morrow
13%
1836 - 1839 Whig James Clark
13%
1950 - 1955 Democrat Lawrence Wetherby
13%
1851 - 1855 Democrat Lazarus W. Powell
13%
1943 - 1947 Republican Simeon Willis
13%
1887 - 1891 Democrat Simon Bolivar Buckner
13%
1862 - 1863 Democrat James Fisher Robinson
0%
1931 - 1935 Democrat Ruby Laffoon
0%
1863 - 1867 Union Democrat Thomas E. Bramlette
0%
No matching quizzes found
Score Distribution
Percent of People with Each Score
Percentile by Number Answered
Your Score History
You have not taken this quiz